000 00375 a2200169 4500
001 184242
020 _a85-08-07170-1
040 _cMagnum
100 _aBrezina, Thomas
240 1 0 _aA pirâmide maldita
_lpor
245 1 0 _aA pirâmide maldita
300 _a83
362 0 _a1999
440 1 _aÁtica
697 _aLITERATURA INFANTO-JUVENIL ESTRANGEIRA
942 _cBK
999 _c184242
_d184242